00622nam a22001937a 4500003000500000005001700005008004100022010001000063011001000073035001100083040000900094100003500103245008600138260011900224300000900343650002300352650001900375700003400394CHAP20220329142850.0041008s2003 mx r 00010 spa d a88906 a89878 a100429 cCHAP1 aPortillo Martínez, Liberato.10aAlgunos insectos plaga del nopal (Opuntia spp.)c/por L. Portillo y A.L. Vigueras aZapopan, Jal. :bUniversidad de Guadalajara. Centro Universitario de Ciencias Biológicas y Agropecuarias,c2003. a1 h.14aControl de plagas.14aNopalxPlagas.1 aVigueras Guzmán, Ana Lilia.